000 00573nam a22002177a 4500
003 DO-SdBNP
005 20180226104232.0
008 160721b 1992 ck a 00| 0 spa d
020 _a9590800130
040 _aBPMSU
_bspa
_cBPMSU
082 4 _axxxx
_bxxxx
100 1 _aAndersen, Hans Christian
245 1 _aCuentos /
_cHans Christian Andersen
260 _aCalí, Colombia :
_bGente Nueva ,
_c1992.
300 _a92 p. :
_bil. ;
_c24 cm.
490 1 _aClásicos
830 0 _aClásicos
942 _2ddc
_cBK
945 _aInventariado, 2018 / BT
956 _adgarcia
999 _c10999
_d10999